00638nam a22002057a 450000500170000001000130001702000220003003500130005203700160006504000120008108200140009324501130010726000340022027000630025430000200031750000330033765000230037065000200039370000190041320170124110221.0 aA-710419 c00.00a8123900503 aA-710419 bCen Lib/Ret aDPLbEN a921bFRE  aFreedom daughter :cedited by Sonia Gandhibletters between Indira Gandhi and Jawahar Lal Neharu 1922-1939 / aDelhibCBS publishers c1992 bDelhia485, Jain nagar, Bhola Nath Nagar, Shahdra e110032 a483p.c23cm(Hb) aIncludes index and appendix  aPolitical science  aPrime ministers aGandhi, Sonia